Polar molecules / (Record no. 67476)
[ view plain ]
| 000 -LEADER | |
|---|---|
| fixed length control field | 00825nam a2200277 a 4500 |
| 001 - CONTROL NUMBER | |
| control field | 67476 |
| 003 - CONTROL NUMBER IDENTIFIER | |
| rucl marc code | BD-RjUL |
| 005 - DATE AND TIME OF LATEST TRANSACTION | |
| control field | 20211209081648.0 |
| 008 - FIXED-LENGTH DATA ELEMENTS--GENERAL INFORMATION | |
| fixed length control field | 800930s1929 nyua 001 0 eng d |
| 035 ## - SYSTEM CONTROL NUMBER | |
| System control number | (BD-RjUL)67607 |
| 040 ## - CATALOGING SOURCE | |
| Original cataloging agency | IAY |
| Transcribing agency | IAY |
| Modifying agency | MYG |
| -- | BD-RjUL |
| Language of cataloging | eng |
| 041 ## - LANGUAGE CODE | |
| Language code of text/sound track or separate title | eng |
| 082 ## - DEWEY DECIMAL CLASSIFICATION NUMBER | |
| Edition number | 23 |
| Classification number | 537.5 |
| Author mark and year | DEP 1929 |
| 090 ## - LOCALLY ASSIGNED LC-TYPE CALL NUMBER (OCLC); LOCAL CALL NUMBER (OCLC) | |
| Classification number (OCLC) (R) ; Classification number, CALL (RLIN) (NR) | QC585.D43x 1929a |
| 100 1# - MAIN ENTRY--PERSONAL NAME | |
| Personal name | Debye, Peter J. W. |
| Fuller form of name | (Peter Josef William), |
| Dates associated with a name | 1884-1966. |
| 9 (RLIN) | 199938 |
| 245 10 - TITLE STATEMENT | |
| Title | Polar molecules / |
| Statement of responsibility, etc. | by P. Debye. |
| 260 ## - PUBLICATION, DISTRIBUTION, ETC. (IMPRINT) | |
| Place of publication, distribution, etc. | New York : |
| Name of publisher, distributor, etc. | Dover, |
| Date of publication, distribution, etc. | c1929. |
| 300 ## - PHYSICAL DESCRIPTION | |
| Pagination | 172 p. : |
| Illustrations | ill. ; |
| Size | 21 cm. |
| 500 ## - GENERAL NOTE | |
| General note | Includes index. |
| 650 #0 - SUBJECT ADDED ENTRY--TOPICAL TERM | |
| Topical term or geographic name as entry element | Molecules. |
| 9 (RLIN) | 199939 |
| Topical term or geographic name as entry element | Dielectrics. |
| 9 (RLIN) | 199940 |
| Topical term or geographic name as entry element | Polarization (Electricity) |
| 9 (RLIN) | 28154 |
| 942 ## - ADDED ENTRY ELEMENTS (KOHA) | |
| Source of classification or shelving scheme | Dewey Decimal Classification |
| Koha item type | Books |
| 946 ## - LOCAL PROCESSING INFORMATION (OCLC) | |
| a | t |
| 949 #0 - LOCAL PROCESSING INFORMATION (OCLC) | |
| a | c |
| b | RSC |
| c | HDC |
| o | 0 |
| p | 39080024209857 |
| x | 15 |
| y | HDC ITEM |
| h | QC585.D43x 1929a |
| Lost status | Source of classification or shelving scheme | Damaged status | Not for loan | Collection code | Permanent Location | Current Location | Shelving location | Date acquired | Source of acquisition | Cost, normal purchase price | Total Checkouts | Full call number | Date last seen | Copy number | Koha item type |
|---|---|---|---|---|---|---|---|---|---|---|---|---|---|---|---|
| Dewey Decimal Classification | Not For Loan | Non-fiction | Central Library, University of Rajshahi | Central Library, University of Rajshahi | Reading Room | 15/06/1960 | Mirza Book Afency, Lahore | 7.80 | 537.5 DEP 1929 | 25/03/2017 | C-1 | Books | |||
| Dewey Decimal Classification | Non-fiction | Central Library, University of Rajshahi | Central Library, University of Rajshahi | 25/01/1962 | B.H. Black well | 12.00 | 537.5 DEP 1929 | 09/05/2017 | C-2 | Books | |||||
| Dewey Decimal Classification | Non-fiction | Central Library, University of Rajshahi | Central Library, University of Rajshahi | 25/01/1962 | B.H. Black well | 12.00 | 537.5 DEP 1929 | 09/05/2017 | C-3 | Books |